00262nam a2200109Ia 4500008004100000082001300041100002200054245002700076260003300103300000800136650000800144191201s2013 xx 000 0 und d a301bSHF aSHARMA,Rajendra K 0aFundamentals Sociology aN. DelhibAtlantic pubc2013 a378 aBBA